Landlord and tenant law (Record no. 104456)
[ view plain ]
| 000 -LEADER | |
|---|---|
| fixed length control field | 01731cam a2200457 4500 |
| 001 - CONTROL NUMBER | |
| control field | ##L130432 |
| 008 - FIXED-LENGTH DATA ELEMENTS--GENERAL INFORMATION | |
| fixed length control field | 050727n2005 000 0 eng u |
| 020 ## - INTERNATIONAL STANDARD BOOK NUMBER | |
| International Standard Book Number | 0199280258 |
| 035 ## - SYSTEM CONTROL NUMBER | |
| System control number | (Sirsi) u130432 |
| 041 0# - LANGUAGE CODE | |
| Language code of text/sound track or separate title | eng |
| 050 04 - LIBRARY OF CONGRESS CALL NUMBER | |
| Classification number | 346.4104340915 $2 18 |
| 100 1# - MAIN ENTRY--PERSONAL NAME | |
| Personal name | Brennan, Gabriel |
| 245 00 - TITLE STATEMENT | |
| Title | Landlord and tenant law |
| 250 ## - EDITION STATEMENT | |
| Edition statement | 3rd ed. |
| 260 ## - PUBLICATION, DISTRIBUTION, ETC. | |
| Place of publication, distribution, etc. | Oxford |
| Name of publisher, distributor, etc. | OUP |
| Date of publication, distribution, etc. | 2005 |
| 300 ## - PHYSICAL DESCRIPTION | |
| Extent | xxix, 347p., 30cm. |
| 350 ## - PRICE (NR) (BK AM CF MU VM SE) [OBSOLETE] | |
| Price | 39.99 |
| 490 #0 - SERIES STATEMENT | |
| Series statement | Law Society of Ireland Manual |
| 505 0# - FORMATTED CONTENTS NOTE | |
| Formatted contents note | Introduction |
| 505 0# - FORMATTED CONTENTS NOTE | |
| Formatted contents note | Categories of tenancies |
| 505 0# - FORMATTED CONTENTS NOTE | |
| Formatted contents note | Licences |
| 505 0# - FORMATTED CONTENTS NOTE | |
| Formatted contents note | Other relationships involving land |
| 505 0# - FORMATTED CONTENTS NOTE | |
| Formatted contents note | Taking instructions/essential contents of a lease |
| 505 0# - FORMATTED CONTENTS NOTE | |
| Formatted contents note | Residential Tenancies Act 2004 |
| 505 0# - FORMATTED CONTENTS NOTE | |
| Formatted contents note | Private Residential Tenancies Board |
| 505 0# - FORMATTED CONTENTS NOTE | |
| Formatted contents note | Repairs |
| 505 0# - FORMATTED CONTENTS NOTE | |
| Formatted contents note | Termination |
| 505 0# - FORMATTED CONTENTS NOTE | |
| Formatted contents note | Statutory reliefs |
| 505 0# - FORMATTED CONTENTS NOTE | |
| Formatted contents note | Ground rents |
| 505 0# - FORMATTED CONTENTS NOTE | |
| Formatted contents note | Value Added Tax (VAT) |
| 505 0# - FORMATTED CONTENTS NOTE | |
| Formatted contents note | Housing (Private Rented Dwellings) Act 1982 |
| 520 ## - SUMMARY, ETC. | |
| Summary, etc. | Gives trainee solicitors a clear and thorough understanding of practice and procedures in landlord and tenant law in the Republic of Ireland. It deals with residential letting agreements and both long and short term commercial leases and examines the rights of tenants in formerly controlled dwellings. Includes two chapters on the Residential Tenancies Act 2004. The law and practice are stated as at 1 May 2005. |
| 520 ## - SUMMARY, ETC. | |
| Summary, etc. | Supersedes 2nd ed. (ISBN 0199255555) |
| 590 ## - LOCAL NOTE (RLIN) | |
| Local note | IKA111005 |
| 650 24 - SUBJECT ADDED ENTRY--TOPICAL TERM | |
| Topical term or geographic name entry element | RESIDENTIAL TENANCIES ACT 2004 |
| 650 24 - SUBJECT ADDED ENTRY--TOPICAL TERM | |
| Topical term or geographic name entry element | HOUSING (PRIVATE RENTED DWELLINGS) ACT 1982 |
| 700 1# - ADDED ENTRY--PERSONAL NAME | |
| Personal name | Brodie, Sean |
| 700 1# - ADDED ENTRY--PERSONAL NAME | |
| Personal name | Linnane, Michelle |
| 700 1# - ADDED ENTRY--PERSONAL NAME | |
| Personal name | Soden, David |
| 942 ## - ADDED ENTRY ELEMENTS (KOHA) | |
| Suppress in OPAC | 0 |
| Withdrawn status | Lost status | Source of classification or shelving scheme | Damaged status | Not for loan | Home library | Current library | Shelving location | Date acquired | Cost, normal purchase price | Total Checkouts | Full call number | Barcode | Date last seen | Date last checked out | Copy number | Cost, replacement price | Price effective from | Koha item type |
|---|---|---|---|---|---|---|---|---|---|---|---|---|---|---|---|---|---|---|
| Dewey Decimal Classification | London | London | Books | 06/10/2005 | 39.99 | 1 | F346.4104340915 BRE | 30071374 | 06/08/2019 | 09/03/2006 | 1 | 39.99 | 06/08/2019 | Book |